000 00711nam a2200241 a 4500
001 BRCA_4032
005 20190320204524.0
008 080210s1890----fr-#######---#000-0#fre-#
041 _afre
044 _afr
050 4 _aF319
_b.G38 1890
100 1 _aGatschet, Albert
_910477
245 1 0 _aTextes en langue timucua avec traduction analytique
_cpar Albert Gatschet et Raoul de la Grasserie.
260 _aParis
_bJ. Maisonneuve
_c1890
300 _a27 p.
_c23 cm.
500 _aExtrait de la ´Revue de linguistique´
500 _aC117
650 1 4 _aTimucuas
_910478
650 1 4 _aIndios de Florida
_xLenguas
_910479
700 1 _aGrasserie, Raoul de la
_ecout
_910480
902 _aGFM
942 _2lcc
_cB
999 _c3756
_d3756